| 000 | 00749cam a2200241 a 4500 | ||
|---|---|---|---|
| 001 | 1164803 | ||
| 005 | 20180820034311.0 | ||
| 008 | 961009s1997 nyu b 001 0 eng | ||
| 010 | _a 96047035 | ||
| 020 | _a0814755739 (clothbound) | ||
| 020 | _a0814755747 (pbk.) | ||
| 040 |
_aDLC _cDLC _dDLC |
||
| 041 | _aeng | ||
| 080 | _a301.01 | ||
| 082 | 0 | 0 |
_a301.01 _221 |
| 100 | _a50 | ||
| 101 | _aSOC | ||
| 245 | 0 | 0 |
_aClassical sociological theory : _cedited by Ian McIntosh. |
| 504 | _aIncludes bibliographical references and index. | ||
| 906 |
_a7 _bcbc _corignew _d1 _eocip _f19 _gy-gencatlg |
||
| 942 |
_2ddc _cBK |
||
| 999 |
_c47216 _d47216 |
||